[Event "Hamburg Seniors-ch 20th"]
[Site "Hamburg"]
[Date "2013.11.06"]
[Round "8"]
[White "Putzbach, Gerd"]
[Black "Grimm, Uwe"]
[Result "1-0"]
[WhiteElo "2105"]
[BlackElo "1999"]
[PlyCount "115"]
[EventDate "2013.10.30"]
[EventType "swiss"]
[EventRounds "9"]
[EventCountry "GER"]
[SourceTitle "EXT 2015"]
[Source "ChessBase"]
[SourceDate "2014.11.20"]
[SourceVersion "1"]
[SourceVersionDate "2014.11.20"]
[SourceQuality "1"]

1. e4 Nc6 2. d4 e5 3. d5 Nce7 4. Bd3 Ng6 5. g3 Bc5 6. Qe2 Nf6 7. Be3 Bxe3 8. Qxe3 d6 9. h4 h5 10. f3 Bd7 11. c4 a5 12. Nc3 b6 13. b3 Bc8 14. Nb5 Kf8 15. Ne2 Nd7 16. a3 Nf6 17. Kd2 Bd7 18. Nec3 Bc8 19. b4 Qe7 20. Na4 Ba6 21. c5 bxc5 22. bxc5 Qd7 23. Rab1 Ne8 24. cxd6 Bxb5 25. Bxb5 Qxd6 26. Bc6 Rd8 27. Bxe8 Kxe8 28. Nc5 Ra8 29. Nb7 Qd7 30. Qc5 Ne7 31. Nxa5 Rh6 32. Nc4 f6 33. Rb7 Rc8 34. Ke3 Kf8 35. Na5 Kg8 36. Rc1 f5 37. Rxc7 f4+ 38. gxf4 exf4+ 39. Kd2 Rxc7 40. Qxc7 Qa4 41. Qxe7 Qd4+ 42. Kc2 Qf2+ 43. Kb3 Qe3+ 44. Rc3 Rb6+ 45. Ka4 Qd4+ 46. Nc4 Rb8 47. Qc7 Qd1+ 48. Ka5 Ra8+ 49. Kb5 Qb1+ 50. Kc6 Qe1 51. Rb3 Kh7 52. d6 Qe2 53. Kb7 Rg8 54. d7 Qd1 55. Rc3 Qd4 56. Nb6 Qf6 57. Rc6 Qxh4 58. Qd6 1-0

[Event "Hamburg Seniors-ch 20th"]
[Site "Hamburg"]
[Date "2013.11.05"]
[Round "7"]
[White "Hawranke, Dietrich"]
[Black "Putzbach, Gerd"]
[Result "1/2-1/2"]
[WhiteElo "2046"]
[BlackElo "2105"]
[PlyCount "103"]
[EventDate "2013.10.30"]
[EventType "swiss"]
[EventRounds "9"]
[EventCountry "GER"]
[SourceTitle "EXT 2015"]
[Source "ChessBase"]
[SourceDate "2014.11.20"]
[SourceVersion "1"]
[SourceVersionDate "2014.11.20"]
[SourceQuality "1"]

1. d4 d5 2. Nf3 Nf6 3. c4 dxc4 4. e3 c5 5. Bxc4 e6 6. 0-0 a6 7. a4 Nc6 8. Qe2 Be7 9. Rd1 Qc7 10. Nc3 b6 11. d5 exd5 12. Nxd5 Nxd5 13. Bxd5 Bb7 14. Bd2 0-0 15. Bc3 Rad8 16. Qc4 Rd6 17. h3 Bf6 18. Qf4 Bxc3 19. bxc3 Nd8 20. c4 Qe7 21. e4 Bxd5 22. exd5 Nb7 23. Ra3 Rf6 24. Qh4 Nd6 25. Re1 Qc7 26. Re5 Nxc4 27. Rh5 Nxa3 28. Rxh7 Rh6 29. Rxh6 gxh6 30. Qxh6 f6 31. Qc1 Nb5 32. axb5 axb5 33. Nd4 Qe5 34. Nc6 Qg5 35. Qe1 Ra8 36. d6 b4 37. d7 Qg7 38. Qe8+ Qf8 39. Ne7+ Kg7 40. Qg6+ Kh8 41. Qh5+ Kg7 42. Nf5+ Kg8 43. Qg6+ Qg7 44. Nh6+ Kh8 45. Qe8+ Qf8 46. Qh5 Ra1+ 47. Kh2 Qd6+ 48. g3 Qxd7 49. Nf5+ Qh7 50. Qe8+ Qg8 51. Qh5+ Qh7 52. Qe8+ 1/2-1/2

[Event "Hamburg St Pauli op"]
[Site "Hamburg"]
[Date "2012.07.11"]
[Round "5"]
[White "Wenzel, Birger"]
[Black "Putzbach, Gerd"]
[Result "1/2-1/2"]
[WhiteElo "2068"]
[BlackElo "2228"]
[PlyCount "149"]
[EventDate "2012.07.07"]
[EventType "swiss"]
[EventRounds "9"]
[EventCountry "GER"]
[SourceTitle "EXT 2013"]
[Source "ChessBase"]
[SourceDate "2012.11.22"]
[SourceVersion "1"]
[SourceVersionDate "2012.11.22"]
[SourceQuality "1"]

1. c4 e5 2. g3 Nf6 3. Bg2 d5 4. cxd5 Nxd5 5. Nc3 Nb6 6. Nf3 Nc6 7. 0-0 Be7 8. a3 a5 9. d3 0-0 10. Be3 Be6 11. Rc1 Nd5 12. Nxd5 Bxd5 13. Qa4 Bf6 14. Rfd1 Nd4 15. Bxd4 exd4 16. Nd2 Bxg2 17. Kxg2 c6 18. Ne4 Be7 19. Qc4 Qd7 20. Rc2 Rfd8 21. Nd2 Qd5+ 22. Qxd5 Rxd5 23. Nc4 Ra6 24. Rdc1 f5 25. f4 a4 26. Ne5 c5 27. h3 Re6 28. Kf2 g5 29. Rg1 Kf8 30. Rcc1 Rh6 31. Kg2 gxf4 32. gxf4 Re6 33. Kf2 Bf6 34. Nf3 b5 35. Ng5 Re7 36. Rc2 h6 37. Nf3 Kf7 38. Rcc1 Rc7 39. Nd2 Rd6 40. Rc2 Bh4+ 41. Kf1 Rdc6 42. e4 dxe3 43. Nf3 Bf6 44. Rcg2 c4 45. Ke2 cxd3+ 46. Kxd3 Rc4 47. Ne5+ Bxe5 48. fxe5 Ke6 49. Rg6+ Kxe5 50. Kxe3 Rh4 51. Rb6 Rxh3+ 52. Kd2 Rh2+ 53. Kd3 Rxb2 54. Re1+ Kd5 55. Rf1 Rb3+ 56. Kd2 Kc5 57. Rxh6 Rxa3 58. Rc1+ Kb4 59. Rxc7 Rb3 60. Rb6 a3 61. Rc1 f4 62. Rf6 f3 63. Rf4+ Ka5 64. Rc8 b4 65. Rb8 Rb2+ 66. Kc1 f2 67. Rf3 Re2 68. Rbf8 a2 69. Ra8+ Kb6 70. Ra4 Kb5 71. Ra8 Re1+ 72. Kb2 f1Q 73. Rxf1 Rxf1 74. Kxa2 Rf2+ 75. Kb3 1/2-1/2

[Event "Hamburg-ch Seniors 18th"]
[Site "Hamburg"]
[Date "2011.11.05"]
[Round "8"]
[White "Duemmke, Juergen"]
[Black "Putzbach, Gerd"]
[Result "0-1"]
[WhiteElo "2100"]
[BlackElo "2234"]
[PlyCount "84"]
[EventDate "2011.10.29"]
[EventType "swiss"]
[EventRounds "9"]
[EventCountry "GER"]
[SourceTitle "EXT 2015"]
[Source "ChessBase"]
[SourceDate "2014.11.20"]
[SourceVersion "1"]
[SourceVersionDate "2014.11.20"]
[SourceQuality "1"]

1. d4 d5 2. Nf3 Nf6 3. c4 dxc4 4. e3 e6 5. Bxc4 c5 6. 0-0 a6 7. Bb3 Nc6 8. Nc3 Be7 9. Qe2 b5 10. dxc5 Bxc5 11. Rd1 Qb6 12. h3 Bb7 13. e4 Nd4 14. Nxd4 Bxd4 15. e5 Qc6 16. Nd5 Nxd5 17. Rxd4 Nc3 18. Qg4 Ne2+ 19. Kf1 Nxd4 20. Qxd4 Qxg2+ 21. Ke2 Qf3+ 22. Ke1 0-0 23. Qg4 Rac8 24. Qxf3 Bxf3 25. Be3 Rfd8 26. Kf1 Bd5 27. Bd1 Bxa2 28. Ke1 Bd5 29. Rxa6 Ra8 30. Ra7 Rxa7 31. Bxa7 Bg2 32. h4 Rd5 33. f4 Rd3 34. Be2 Rb3 35. Bd4 Rb4 36. Bc3 Rxf4 37. Bxb5 Rxh4 38. Kf2 Bb7 39. Kg3 g5 40. Bd2 h6 41. Be2 Re4 42. Bf3 Rd4 0-1

[Event "Hamburg-ch Seniors op 16th"]
[Site "Hamburg"]
[Date "2009.11.06"]
[Round "7"]
[White "Gollasch, Theo Heinz"]
[Black "Putzbach, Gerd"]
[Result "0-1"]
[WhiteElo "1974"]
[BlackElo "2168"]
[PlyCount "76"]
[EventDate "2009.10.31"]
[EventType "swiss"]
[EventRounds "9"]
[EventCountry "GER"]
[SourceTitle "EXT 2022"]
[Source "ChessBase"]
[SourceDate "2021.10.06"]
[SourceVersion "1"]
[SourceVersionDate "2021.10.06"]
[SourceQuality "1"]

1. Nf3 f5 2. c4 Nf6 3. d4 d6 4. b3 g6 5. Bb2 Bg7 6. Nbd2 c6 7. g3 Nbd7 8. Qc2 Qc7 9. Bg2 e5 10. e4 Nxe4 11. Nxe4 fxe4 12. Ng5 exd4 13. Ne6 Qa5+ 14. Kf1 Be5 15. Bxe4 Nf6 16. Bxg6+ Ke7 17. f4 d3 18. Bxd3 Bxb2 19. Re1 Bxe6 20. Bf5 Be5 21. fxe5 dxe5 22. Bxe6 Kxe6 23. Kg2 Rad8 24. Re2 Rd4 25. Rf1 e4 26. Qb2 Qe5 27. Rf4 Rhd8 28. Ref2 Nd7 29. Qe2 Kd6 30. Rf5 Qe6 31. Qe3 c5 32. b4 Qxc4 33. Qf4+ Kc6 34. bxc5 Nxc5 35. Rf7 R8d7 36. Rf8 Nd3 37. Rc8+ Kb5 38. Qf5+ Qd5 0-1

[Event "Hamburg-ch Seniors op 16th"]
[Site "Hamburg"]
[Date "2009.11.02"]
[Round "3"]
[White "Schulz, Hans Juergen"]
[Black "Putzbach, Gerd"]
[Result "0-1"]
[WhiteElo "2003"]
[BlackElo "2168"]
[PlyCount "70"]
[EventDate "2009.10.31"]
[EventType "swiss"]
[EventRounds "9"]
[EventCountry "GER"]
[SourceTitle "EXT 2022"]
[Source "ChessBase"]
[SourceDate "2021.10.06"]
[SourceVersion "1"]
[SourceVersionDate "2021.10.06"]
[SourceQuality "1"]

1. e4 c5 2. b4 cxb4 3. Bb2 d6 4. d4 Nf6 5. Bd3 g6 6. e5 Nd5 7. Qf3 Be6 8. exd6 Qxd6 9. Ne2 Nc6 10. Nd2 f6 11. Ne4 Qc7 12. 0-0 Bg7 13. Rfe1 Bf7 14. a3 0-0 15. Bc4 Nxd4 16. Bxd4 Qxc4 17. axb4 Nxb4 18. Ra4 b5 19. Nd2 Qxc2 20. Rxb4 Qxd2 21. Rbb1 e5 22. Bc5 Rfe8 23. Red1 e4 24. Rxd2 exf3 25. gxf3 a6 26. Ng3 f5 27. h4 Rad8 28. Rbd1 Rxd2 29. Rxd2 a5 30. h5 b4 31. Rd7 b3 32. Rb7 b2 33. Kg2 Ba2 34. h6 Bc3 35. Ne2 Bf6 0-1

[Event "Hamburg-ch int 12th"]
[Site "Hamburg"]
[Date "2009.06.05"]
[Round "7"]
[White "Pajeken, Wolfgang"]
[Black "Putzbach, Gerd"]
[Result "1/2-1/2"]
[WhiteElo "2317"]
[BlackElo "2286"]
[PlyCount "68"]
[EventDate "2009.05.30"]
[EventType "swiss"]
[EventRounds "9"]
[EventCountry "GER"]
[SourceTitle "CBM 130 Extra"]
[Source "ChessBase"]
[SourceDate "2009.07.02"]
[SourceVersion "2"]
[SourceVersionDate "2009.07.15"]
[SourceQuality "1"]

1. Nf3 d5 2. d4 e6 3. c4 f5 4. Nc3 Nf6 5. Bf4 c6 6. e3 Nbd7 7. Bd3 Ne4 8. Bxe4 fxe4 9. Ne5 Nf6 10. g4 Nd7 11. f3 exf3 12. Qxf3 Bb4 13. Bg3 Qf6 14. Qe2 0-0 15. a3 Bxc3+ 16. bxc3 Nxe5 17. Bxe5 Qg6 18. Bd6 Rf7 19. Rf1 b6 20. Rxf7 Qxf7 21. c5 bxc5 22. dxc5 a5 23. Qf2 Ba6 24. Qxf7+ Kxf7 25. Rb1 Bb5 26. Kf2 Kf6 27. Kg3 e5 28. Rb2 Ke6 29. Rf2 Bd3 30. h4 a4 31. Rb2 Bb5 32. Rf2 Bd3 33. Rb2 Bb5 34. Rf2 Bd3 1/2-1/2

[Event "Hamburg-ch int 12th"]
[Site "Hamburg"]
[Date "2009.06.01"]
[Round "3"]
[White "Mueller, Joerg"]
[Black "Putzbach, Gerd"]
[Result "0-1"]
[WhiteElo "2098"]
[BlackElo "2286"]
[PlyCount "122"]
[EventDate "2009.05.30"]
[EventType "swiss"]
[EventRounds "9"]
[EventCountry "GER"]
[SourceTitle "CBM 130 Extra"]
[Source "ChessBase"]
[SourceDate "2009.07.02"]
[SourceVersion "2"]
[SourceVersionDate "2009.07.15"]
[SourceQuality "1"]

1. e4 c5 2. d3 Nc6 3. Nf3 g6 4. g3 Bg7 5. Bg2 e6 6. 0-0 Nge7 7. c3 d5 8. Qe2 b6 9. e5 Ba6 10. Re1 h6 11. h4 Rc8 12. Nbd2 Nf5 13. Nf1 b5 14. Bf4 b4 15. Ne3 Nxe3 16. Qxe3 bxc3 17. bxc3 Ne7 18. Qd2 Qa5 19. Bf1 Kf8 20. Qc1 Kg8 21. Nh2 Kh7 22. Ng4 Nf5 23. Bd2 Qa4 24. Nh2 d4 25. c4 Bb7 26. Rb1 Qc6 27. Rxb7 Qxb7 28. h5 Rb8 29. Qd1 Qb2 30. Bc1 Qxa2 31. Qf3 Rhf8 32. Qe4 Rb1 33. g4 Ne7 34. Nf3 a5 35. g5 Nf5 36. gxh6 Bxh6 37. Bxh6 Rxe1 38. Qxe1 Kxh6 39. Qc1+ Kg7 40. Qg5 Rg8 41. Qf6+ Kh6 42. Ng5 Kxh5 43. Ne4 Kh6 44. Qxf7 Rg7 45. Qf6 Re7 46. Nxc5 Qd2 47. Qf8+ Kh5 48. Ne4 Qh6 49. Qd8 g5 50. Qxa5 g4 51. Nf6+ Kh4 52. Qa8 Rg7 53. Qh1+ Kg5 54. Qg2 Qh3 55. Qc6 Qf3 56. Ne4+ Kf4 57. Bg2 Qd1+ 58. Bf1 g3 59. fxg3+ Nxg3 60. Nxg3 Rxg3+ 61. Kh2 Qh5+ 0-1

[Event "Pinneberg-ch"]
[Site "Pinneberg"]
[Date "2008.09.25"]
[Round "5"]
[White "Putzbach, Gerd"]
[Black "Atri, Jamshid"]
[Result "1-0"]
[WhiteElo "2297"]
[BlackElo "2026"]
[PlyCount "56"]
[EventDate "2008.08.28"]
[EventType "swiss"]
[EventRounds "7"]
[EventCountry "GER"]
[SourceTitle "EXT 2011"]
[Source "ChessBase"]
[SourceDate "2010.11.26"]
[SourceVersion "1"]
[SourceVersionDate "2010.11.26"]
[SourceQuality "1"]

1. e4 e5 2. Nf3 Nc6 3. Bb5 a6 4. Bc4 Nf6 5. 0-0 Be7 6. Re1 b5 7. Bb3 d6 8. c3 0-0 9. h3 Bb7 10. d4 Re8 11. Nbd2 Bf8 12. Bc2 h6 13. a4 exd4 14. Nxd4 Nxd4 15. cxd4 c5 16. d5 Nd7 17. b3 f5 18. Bb2 Nf6 19. f3 f4 20. axb5 axb5 21. Rxa8 Bxa8 22. Bd3 b4 23. Bb5 Nd7 24. Nc4 Bb7 25. e5 dxe5 26. Nxe5 Bc8 27. d6 Re6 28. Bc4 Nf6 1-0

[Event "Pinneberg-ch"]
[Site "Pinneberg"]
[Date "2008.09.18"]
[Round "4"]
[White "Schmidt, Karl Heinz"]
[Black "Putzbach, Gerd"]
[Result "0-1"]
[WhiteElo "1812"]
[BlackElo "2297"]
[PlyCount "72"]
[EventDate "2008.08.28"]
[EventType "swiss"]
[EventRounds "7"]
[EventCountry "GER"]
[SourceTitle "EXT 2011"]
[Source "ChessBase"]
[SourceDate "2010.11.26"]
[SourceVersion "1"]
[SourceVersionDate "2010.11.26"]
[SourceQuality "1"]

1. e4 c5 2. c3 Nf6 3. e5 Nd5 4. Nf3 Nc6 5. Bc4 Nb6 6. Bb3 c4 7. Bc2 d6 8. exd6 Qxd6 9. d4 cxd3 10. Bxd3 Bg4 11. Be2 Qxd1+ 12. Bxd1 e5 13. h3 Bf5 14. 0-0 f6 15. Re1 0-0-0 16. Bb3 Na5 17. Be3 Kc7 18. Nbd2 Nxb3 19. Nxb3 Nc4 20. Bc1 g5 21. Nbd2 Nxd2 22. Nxd2 Rd3 23. Nf1 Be7 24. b3 Rhd8 25. Bb2 Bc5 26. b4 Bf8 27. Rac1 a6 28. Ng3 Bg6 29. Nf1 Bh6 30. Ne3 g4 31. hxg4 Rd2 32. Ba1 Rxa2 33. c4 Kb8 34. Rcd1 Rxd1 35. Rxd1 Bxe3 36. fxe3 Be4 0-1

[Event "Hamburg-ch int 11th"]
[Site "Hamburg"]
[Date "2008.05.16"]
[Round "8"]
[White "Iotov, Valentin"]
[Black "Putzbach, Gerd"]
[Result "0-1"]
[WhiteElo "2531"]
[BlackElo "2273"]
[PlyCount "82"]
[EventDate "2008.05.10"]
[EventType "swiss"]
[EventRounds "9"]
[EventCountry "GER"]
[SourceTitle "CBM 124 Extra"]
[Source "ChessBase"]
[SourceDate "2008.07.03"]
[SourceVersion "1"]
[SourceVersionDate "2008.07.03"]
[SourceQuality "1"]

1. d4 d5 2. Nf3 e6 3. c4 f5 4. g3 Nf6 5. Bg2 c6 6. 0-0 Bd6 7. Nc3 Nbd7 8. Bf4 Bxf4 9. gxf4 0-0 10. e3 Ne4 11. Rc1 Kh8 12. Ne2 Rf6 13. Ng5 h6 14. Nxe4 fxe4 15. f3 exf3 16. Rxf3 Nf8 17. Ng3 Bd7 18. e4 dxe4 19. Nxe4 Rg6 20. Nc5 b6 21. Nd3 Rf6 22. Qd2 Ng6 23. Qf2 Qe7 24. Re1 Raf8 25. Re4 Qd6 26. Ne5 Be8 27. Bf1 c5 28. Bd3 Bc6 29. Nxc6 Qxc6 30. dxc5 bxc5 31. Bb1 Kg8 32. Qd2 Qc7 33. Re1 Nxf4 34. Qe3 Ne2+ 35. Rxe2 Rxf3 36. Qe4 R8f6 37. Kg2 R3f5 38. Qa8+ Rf8 39. Qe4 Rg5+ 40. Kh3 Rh5+ 41. Kg4 Rf4+ 0-1

[Event "Hamburg-ch int 11th"]
[Site "Hamburg"]
[Date "2008.05.15"]
[Round "7"]
[White "Putzbach, Gerd"]
[Black "Lanka, Zigurds"]
[Result "0-1"]
[WhiteElo "2273"]
[BlackElo "2473"]
[PlyCount "60"]
[EventDate "2008.05.10"]
[EventType "swiss"]
[EventRounds "9"]
[EventCountry "GER"]
[SourceTitle "CBM 124 Extra"]
[Source "ChessBase"]
[SourceDate "2008.07.03"]
[SourceVersion "1"]
[SourceVersionDate "2008.07.03"]
[SourceQuality "1"]

1. e4 c5 2. Nf3 Nc6 3. d4 cxd4 4. Nxd4 Nf6 5. Nc3 a6 6. Bg5 e6 7. Qd2 d6 8. 0-0-0 Bd7 9. f4 h6 10. Bxf6 Qxf6 11. Nf3 Qd8 12. Bd3 Qc7 13. g4 0-0-0 14. h4 Kb8 15. g5 hxg5 16. hxg5 Be7 17. Rh2 Bc8 18. Rdh1 Rxh2 19. Rxh2 d5 20. exd5 exd5 21. Rh7 d4 22. Ne4 Bg4 23. Nh4 Be6 24. a3 Na5 25. Kb1 Nc4 26. Bxc4 Qxc4 27. b3 Qf1+ 28. Kb2 Bxa3+ 29. Kxa3 Qa1+ 30. Kb4 b6 0-1

[Event "Hamburg-ch int 11th"]
[Site "Hamburg"]
[Date "2008.05.14"]
[Round "5"]
[White "Putzbach, Gerd"]
[Black "Reddmann, Hauke"]
[Result "1-0"]
[WhiteElo "2273"]
[BlackElo "2351"]
[PlyCount "80"]
[EventDate "2008.05.10"]
[EventType "swiss"]
[EventRounds "9"]
[EventCountry "GER"]
[SourceTitle "CBM 124 Extra"]
[Source "ChessBase"]
[SourceDate "2008.07.03"]
[SourceVersion "1"]
[SourceVersionDate "2008.07.03"]
[SourceQuality "1"]

1. e4 c5 2. Nf3 d6 3. d4 cxd4 4. Nxd4 Nf6 5. Nc3 a6 6. Bg5 b5 7. Bxf6 gxf6 8. a4 bxa4 9. Rxa4 h5 10. Be2 h4 11. h3 e6 12. f4 Qb6 13. Ra2 Ra7 14. Na4 Qa5+ 15. c3 Bb7 16. Bf3 Bh6 17. Nxe6 fxe6 18. Qxd6 Nd7 19. Qxe6+ Kd8 20. b4 Qb5 21. Rd2 Qxa4 22. 0-0 Kc7 23. Qd6+ Kc8 24. Bg4 Bxe4 25. Qxf6 Rh7 26. Qe6 Bc2 27. Rxc2 Qxc2 28. Bf5 Qxf5 29. Qxf5 Re7 30. Qh5 Bg7 31. Qxh4 Nf6 32. Re1 Kd8 33. g4 Rxe1+ 34. Qxe1 Re7 35. Qf1 Nd5 36. Qxa6 Nxc3 37. g5 Ke8 38. f5 Bd4+ 39. Kg2 Re2+ 40. Kf3 Re3+ 1-0

[Event "Pinneberg op Seniors 08th"]
[Site "Pinneberg"]
[Date "2007.07.12"]
[Round "4"]
[White "Ristic, Sreten"]
[Black "Putzbach, Gerd"]
[Result "0-1"]
[WhiteElo "1942"]
[BlackElo "2253"]
[PlyCount "58"]
[EventDate "2007.06.21"]
[EventType "swiss"]
[EventRounds "5"]
[EventCountry "GER"]
[SourceTitle "EXT 2011"]
[Source "ChessBase"]
[SourceDate "2010.11.26"]
[SourceVersion "1"]
[SourceVersionDate "2010.11.26"]
[SourceQuality "1"]

1. d4 d5 2. c4 dxc4 3. e4 c5 4. d5 Nf6 5. f3 e6 6. Bxc4 exd5 7. exd5 Bd6 8. Ne2 Qe7 9. g3 Bf5 10. Nbc3 a6 11. a4 Nbd7 12. a5 Ne5 13. 0-0 0-0 14. b3 Nxc4 15. bxc4 b5 16. cxb5 c4 17. b6 Qb7 18. Bf4 Bc5+ 19. Kg2 Bd3 20. Qa4 Nxd5 21. Rfd1 Rfe8 22. Ra2 Ne3+ 23. Bxe3 Rxe3 24. Ng1 Rae8 25. Ne4 R8xe4 26. Rxd3 cxd3 27. fxe4 Rxe4 28. Qxe4 Qxe4+ 29. Nf3 g5 0-1

[Event "Pinneberg op Seniors 08th"]
[Site "Pinneberg"]
[Date "2007.06.28"]
[Round "2"]
[White "Linke, Harry"]
[Black "Putzbach, Gerd"]
[Result "0-1"]
[WhiteElo "1678"]
[BlackElo "2253"]
[PlyCount "90"]
[EventDate "2007.06.21"]
[EventType "swiss"]
[EventRounds "5"]
[EventCountry "GER"]
[SourceTitle "EXT 2011"]
[Source "ChessBase"]
[SourceDate "2010.11.26"]
[SourceVersion "1"]
[SourceVersionDate "2010.11.26"]
[SourceQuality "1"]

1. e4 c5 2. Ne2 e6 3. c4 Nc6 4. g3 d5 5. cxd5 exd5 6. Bg2 Nf6 7. exd5 Nxd5 8. 0-0 Ndb4 9. a3 Nd3 10. Be4 Bh3 11. Bg2 Bxg2 12. Kxg2 Be7 13. Nbc3 0-0 14. f4 Qd7 15. Rf3 Rad8 16. Ne4 f5 17. Nf2 Nxf2 18. Qb3+ Kh8 19. Kxf2 Bf6 20. d3 b6 21. Bd2 Nd4 22. Nxd4 Qxd4+ 23. Kg2 Qxb2 24. Qxb2 Bxb2 25. Ra2 Bd4 26. Be3 Rfe8 27. Kf2 Rxe3 28. Rxe3 Re8 29. Rae2 Kg8 30. Kf3 Rxe3+ 31. Rxe3 Bxe3 32. Kxe3 Kf7 33. d4 Ke6 34. Kd3 Kd5 35. dxc5 bxc5 36. a4 c4+ 37. Kc3 a5 38. Kc2 Kd4 39. Kd2 c3+ 40. Kc2 Kc4 41. h3 h5 42. g4 fxg4 43. hxg4 hxg4 44. f5 g3 45. f6 gxf6 0-1

[Event "Hamburg-ch int 10th"]
[Site "Hamburg"]
[Date "2007.06.02"]
[Round "8"]
[White "Putzbach, Gerd"]
[Black "Maahs, Erich"]
[Result "1-0"]
[WhiteElo "2253"]
[BlackElo "2193"]
[PlyCount "111"]
[EventDate "2007.05.26"]
[EventType "swiss"]
[EventRounds "9"]
[EventCountry "GER"]
[SourceTitle "CBM 118 Extra"]
[Source "ChessBase"]
[SourceDate "2007.07.04"]
[SourceVersion "1"]
[SourceVersionDate "2007.07.04"]
[SourceQuality "1"]

1. e4 e5 2. Nf3 Nf6 3. Nxe5 d6 4. Nf3 Nxe4 5. d4 d5 6. Bd3 Nc6 7. 0-0 Bg4 8. Re1 Be7 9. c3 Nf6 10. Bg5 0-0 11. Nbd2 Bh5 12. b4 a6 13. a4 Qd6 14. Qc2 Bg6 15. Ne5 Bxd3 16. Qxd3 Nh5 17. Bxe7 Nxe7 18. Qh3 Nf4 19. Qd7 Qxd7 20. Nxd7 Rfe8 21. g3 Nfg6 22. a5 Nf5 23. Nc5 Nd6 24. Nf1 c6 25. Ne3 Re7 26. h4 Rae8 27. h5 Nf8 28. Nc2 Ne6 29. Rec1 Ng5 30. Ne1 Re2 31. Ned3 Nge4 32. Kg2 h6 33. Nxe4 dxe4 34. Nf4 Rd2 35. Rd1 e3 36. Rxd2 exd2 37. Rd1 Nc4 38. Kf1 Kf8 39. Nd3 Re6 40. Nc5 Rf6 41. Nd7+ Ke7 42. Nxf6 Kxf6 43. Ke2 Kg5 44. Rh1 f5 45. Rh4 Kf6 46. Rf4 Kg5 47. f3 g6 48. hxg6 Kxg6 49. g4 fxg4 50. Rxg4+ Kf7 51. Rg1 Kf6 52. Rg8 h5 53. Rb8 Kg5 54. Rxb7 Kh4 55. Rc7 Kg3 56. Rxc6 1-0